000 00246nam a2200109Ia 4500
008 220216s9999 xx 000 0 und d
100 _aAmbily K K
245 0 _aNadeelum paricharanavum
260 _bRubber
_c2017
300 _a15-Nov
942 _cJS
999 _c63375
_d63375